000 00462nmm a2200157Ia 4500
008 251105s9999||||xx |||||||||||||||||und||
020 _a9788468709994
041 _aspa
100 _a0, Varias Autoras
245 0 _a10 secretos de seducción
264 _a[Madrid, España] :
_bHarlequin,
_c[Fecha de publicación no identificada]
300 _a0 páginas
650 _aErotic novel
856 _uhttps://public.digitaliapublishing.com/a/90232
942 _cCF
999 _c83926
_d83926